000 00519nam a22001577a 4500
008 161105b xxu||||| |||| 00| 0 eng d
020 _a1-932273-35-2
082 _22004
_aDRef 030
_bT48
245 _aTime almanac 2005 :
_bwith information please/
_cBorgna Brunner, editor in chief.
260 _aNeedham, MA. :
_bPearson Education,
_cc2004.
300 _a1039 pages:
_billustrations;
_c21 cm.
650 0 _916959
_aAlmanacs
700 _916960
_aBrunner, Borgna
_eEditor
365 _b599.00
_cPhp
942 _2ddc
_cDREF
999 _c5498
_d5498